000
00317nam a2200133Ia 4500
008
240624s9999 xx 000 0 und d
041
_a
eng
082
_a
650.12 SIE
100
_a
SIEBOLD STEVE
245
_a
HOW RICH PEOPLE THINK
260
_c
2010
_a
USA
_b
SIMPLE TRUTHS
300
_a
127 p.; 17 cm.
365
_c
_b
33
999
_c
32280
_d
32280